000 00585nam a2200193 i 4500
001 44037
003 ES-MaACL
005 20250817115631.0
007 t|
008 030320s1967 sp ||||1| spa d
100 1 _aCesbron, Gilbert.
_937680
245 1 0 _aDiario sin fecha /
_cCesbron Gilbert ; [traducido por Francisco J. Alcántara].
250 _a[1ª ed.].
260 _aBarcelona :
_bDestino,
_c[1967]
300 _a244 p. ;
_c19 cm.
700 1 _aAlcántara, Francisco José,
_d1922-1999
_919493
852 _aES-MaACL
_jC-33857
_bR.64857
999 _c44037
_d44037